ONE PIECE : Personnages - Statistiques

Statistiques générales
  • Ce quiz a été pris 111 fois
  • Le résultat moyen est 14 sur 17
Statistiques - réponses
Par images Réponse % Correct
Monkey D. Luffy
100%
Nami
99%
Sanji Vinsmoke
96%
Brook
92%
Franky
92%
Ace
91%
Usopp
91%
Jinbe
85%
Sabo
85%
Roronoa Zoro
84%
Dracule Mihawk
80%
Big Mom
78%
Boa Hancock
78%
Tony-Tony Chopper
73%
Nico Robin
72%
Shanks le Roux
68%
Nefertari Vivi
56%
Aucun quiz correspondant
Distribution des résultats
% des personnes avec chaque résultat
Percentile par nombre de réponses
Votre historique - résultats
Vous n’avez pas pris ce quiz